| 000 | 00719nas a2200205Ia 4500 | ||
|---|---|---|---|
| 001 | 250/R04 | ||
| 003 | IT-RoPAU | ||
| 008 | 151202c99999999xx |||||||||||| ||und|| | ||
| 040 | _aIT-RoPAU | ||
| 040 | _cIT-RoPAU | ||
| 100 | _aAA.VV. | ||
| 210 | _aPALESTRA DEL CLERO | ||
| 222 | _aPALESTRA DEL CLERO | ||
| 245 | _aPALESTRA DEL CLERO | ||
| 260 | _c1920 | ||
| 501 |
_bPaulus - SPICS - Società San Paolo EM (non-commercial uses only) _cCopyright 2015 |
||
| 500 | _aAlberto Brigo Editore G. Bruno, 15/B Rovigo 45100 37903 albertobrigo@tiscalinet.it la rivista chiusa ho lasciato tel per farmi avere il preventivo sugli arretrati | ||
| 650 |
_aTEOLOGIA PASTORALE - LITURGIA _vPUBBLICAZIONE PERIODICA |
||
| 942 | _cCR | ||
| 999 |
_c205572 _d205572 |
||